Statistics for Sports Movies

Click here to take the quiz!

General Stats

  • This quiz has been taken 108 times
  • The average score is 13 of 15

Answer Stats

Hint Answer % Correct
Bend It Like BeckhamFootball
100%
Coach CarterBasketball
99%
The Blind SideAmerican Football
99%
RockyBoxing
99%
MoneyballBaseball
97%
CaddyshackGolf
95%
Cool RunningsBobsleigh
86%
Racing StripesHorse Racing
85%
KingpinBowling
84%
MiracleHockey
79%
Chariots of FireAthletics (Track Events)
73%
InvictusRugby
72%
RushFormula 1
70%
...: A True Underdog StoryDodgeball
62%
FoxcatcherWrestling
56%

Score Distribution

Percentile by Number Answered

Percent of People with Each Score

Your Score History

You have not taken this quiz